000 00416nam a2200157Ia 4500
005 20250508150836.0
008 008 250505s9999 xx 000 0 eng d
037 _aTextual
040 _aFEDL
_beng
_cFEDL
041 _aeng
_2eng
084 _a778, IFD
_qFEDL
245 0 _aDirectory of microfilm and photocopying services
300 _a65p.
942 _cTEXL
_h778, IFD
999 _c1326017
_d1326017